000 00473nam a2200181Ia 4500
001 9462
005 20260306161720.0
008 260306t2021||||xx |||||||||||||| ||spa||
041 _aESP
082 _a379.1
_bL88
100 _aLópez Rupérez, Francisco,
_eAUT
245 0 _aLa gobernanza de los sistemas educativos :
_bfundamentos y orientaciones
260 _c2021
300 _a215 páginas :
_c24 cm.
650 _aGEN
654 _aCED
942 _cLIB
_dJUS
_fJUS
_2ddc
_n
999 _c9462
_d9462